| 000 | 00754cam a22002291 4500 | ||
|---|---|---|---|
| 001 | gs 18000101 | ||
| 003 | DLC | ||
| 005 | 20260227111322.0 | ||
| 008 | 770412s1917 waubf 000 0 eng c | ||
| 010 | _ags 18000101 | ||
| 035 | _a(OCoLC)2882774 | ||
| 040 |
_aU.S. Geol. survey. Library _cTNJ _dDLC |
||
| 050 | 0 | 0 |
_aQE175 _b.A3 no. 17 |
| 051 |
_aF889 _b.L25 |
||
| 082 |
_a284 _aW4e no.17 |
||
| 100 | 1 |
_aLandes, Henry, _d1867-1936. |
|
| 245 | 1 | 2 |
_aA geographic dictionary of Washington, _cby Henry Landes. |
| 260 |
_aOlympia, _bF. M. Lamborn, public printer, _c1917. |
||
| 300 |
_a346 p. _bincl. pl. 2-10 (maps, diagrs.) fold. pl. (map) _c23 cm. |
||
| 490 | 0 |
_aWashington. Geological survey. Bulletin _vno. 17 |
|
| 651 | 0 |
_aWashington (State) _vGazetteers. |
|
| 999 |
_c25825 _d25825 |
||